00365nam a2200109 i 4500001000300000245007800003260001900081040000800100041000800108008004100116856009800157bg 0aTables of spectral data for structure determination of organic compounds. aBerlin,c1989. cBPK apol s pl f |000 0 pol  uhttp://koha.tu.koszalin.pl/cgi-bin/koha/opac-detail.pl?biblionumber=29202yKatalog online BPK